003830000a2200085000450024501600000004100140016070000280017410000300020277300650023210aFrecuencia y la tasa de alimentación como claves para el crecimiento de Neonatos y Juveniles de Crocodylus acutus. Cuvier 1807 (Crocodylia: Crocodylidae)0 aEspañol1 aRodríguez A., Eduardo1 aRodríguez M., Miguel A.1 tTrianeakActa Científica y Tecnológicah4q497-504d1991